| 000 | 00470nam a2200169Ia 4500 | ||
|---|---|---|---|
| 008 | 230917s9999||||xx |||||||||||||| ||und|| | ||
| 020 | _cRS 400.00 | ||
| 040 |
_e5013323 _aMAIN |
||
| 041 | _aEnglish | ||
| 082 | _a576.5 S26S | ||
| 100 | _aStansfield, William D | ||
| 245 | 0 | _aSchaum's easy outline of genetics | |
| 260 |
_aChennai _bMcGraw Hill Education (India) _c2020 |
||
| 300 | _a170 p. | ||
| 500 | _a4697 08/12/2022 HBD23/9729 20/02/2023 Main Budget | ||
| 942 | _cBK | ||
| 999 |
_c6680 _d6680 |
||